Handbook of materials selection (Record no. 101863)
[ view plain ]
| 000 -LEADER | |
|---|---|
| fixed length control field | 00813cam a2200205 4500 |
| 008 - FIXED-LENGTH DATA ELEMENTS--GENERAL INFORMATION | |
| fixed length control field | 020125n2002 000 0 eng u |
| 020 ## - INTERNATIONAL STANDARD BOOK NUMBER | |
| International Standard Book Number | 0471359246 |
| 035 ## - SYSTEM CONTROL NUMBER | |
| System control number | (Sirsi) u116478 |
| 050 ## - LIBRARY OF CONGRESS CALL NUMBER | |
| Classification number | 691 |
| 100 ## - MAIN ENTRY--PERSONAL NAME | |
| Personal name | Kutz, M. |
| -- | Editor |
| 245 ## - TITLE STATEMENT | |
| Title | Handbook of materials selection |
| 260 ## - PUBLICATION, DISTRIBUTION, ETC. | |
| Place of publication, distribution, etc. | New York |
| Name of publisher, distributor, etc. | Wiley |
| Date of publication, distribution, etc. | 2002 |
| 300 ## - PHYSICAL DESCRIPTION | |
| Extent | xvii,1497p. |
| Other physical details | ill. |
| Dimensions | 25cm. |
| 350 ## - PRICE (NR) (BK AM CF MU VM SE) [OBSOLETE] | |
| Price | 167 |
| 520 ## - SUMMARY, ETC. | |
| Summary, etc. | Advises on approaches to the selection of, sources of information on, testing of, and manufacturing and assembly techniques for building materials. Aimed at both practitioners and students the text is illustrated with photographs as well as charts, graphs and tables. |
| 650 ## - SUBJECT ADDED ENTRY--TOPICAL TERM | |
| Topical term or geographic name entry element | BUILDING COMPONENTS |
| 650 ## - SUBJECT ADDED ENTRY--TOPICAL TERM | |
| Topical term or geographic name entry element | BUILT ENVIRONMENT-BUILDING MATERIALS |
| 690 ## - LOCAL SUBJECT ADDED ENTRY--TOPICAL TERM (OCLC, RLIN) | |
| Topical term or geographic name as entry element | BUILT ENVIRONMENT-BUILDING MATERIALS |
| 942 ## - ADDED ENTRY ELEMENTS (KOHA) | |
| Suppress in OPAC | 0 |
| Withdrawn status | Lost status | Source of classification or shelving scheme | Damaged status | Not for loan | Home library | Current library | Shelving location | Date acquired | Cost, normal purchase price | Total Checkouts | Full call number | Barcode | Date last seen | Date last checked out | Copy number | Cost, replacement price | Price effective from | Koha item type |
|---|---|---|---|---|---|---|---|---|---|---|---|---|---|---|---|---|---|---|
| Dewey Decimal Classification | London | London | Books | 04/09/2002 | 141.95 | 3 | 691 KUT | 30066456 | 06/08/2019 | 26/01/2005 | 1 | 141.95 | 06/08/2019 | Book |